[Event "VIII CAMPEONATO CONTINENTAL DE LAS AMERI"]
[Site "Hotel Casa Campestre - Cochaba"]
[Date "2013.05.08"]
[Round "2"]
[White "Aguilar, Luis Miguel"]
[Black "Perez Garcia, Rodney Oscar"]
[Result "0-1"]
[WhiteElo "1903"]
[BlackElo "2381"]
[PlyCount "113"]
[EventDate "2013.05.07"]
[EventRounds "11"]
[EventCountry "BOL"]

1. Nf3 d5 2. c4 c6 3. g3 Nf6 4. Bg2 dxc4 5. Qc2 b5 6. a4 Bb7 7. b3 cxb3 8. Qxb3
a6 9. Ba3 Nbd7 10. Nc3 e6 11. Bxf8 Nxf8 12. O-O N8d7 13. Nd4 Qb6 14. axb5 cxb5
15. Bxb7 Qxb7 16. Qb4 Rd8 17. Ndxb5 axb5 18. Nxb5 Qb6 19. Ra6 Qc5 20. Nd6+ Ke7
21. Qh4 Nb8 22. d4 Qb4 23. Ra7+ Rd7 24. Rxd7+ Nbxd7 25. Ne4 Qxd4 26. Nxf6 Qxh4
27. Nd5+ Kd6 28. gxh4 Kxd5 29. Ra1 Rc8 30. Ra7 Kd6 31. Kg2 h5 32. Kg3 Rc7 33.
Ra5 Nf6 34. f3 e5 35. Ra6+ Rc6 36. Ra7 Ke6 37. e4 Rd6 38. Rb7 Nd7 39. Ra7 Nf8
40. Ra8 Ng6 41. Rb8 Nf4 42. Kf2 Rd2+ 43. Kg1 g6 44. Rb6+ Ke7 45. Rb5 Kf6 46.
Rb6+ Kg7 47. Rb5 Ng2 48. Rb1 Nxh4 49. Rf1 Ng2 50. Rf2 Rxf2 51. Kxf2 Nf4 52. h4
f5 53. exf5 gxf5 54. Kg3 Kf6 55. Kf2 Ng6 56. Kg3 f4+ 57. Kh2 0-1

[Event "VIII CAMPEONATO CONTINENTAL DE LAS AMERI"]
[Site "Hotel Casa Campestre - Cochaba"]
[Date "2013.05.08"]
[Round "2"]
[White "Cornejo, Max"]
[Black "Medrano, Sebastian"]
[Result "1-0"]
[WhiteElo "2380"]
[BlackElo "1803"]
[PlyCount "95"]
[EventDate "2013.05.07"]
[EventRounds "11"]
[EventCountry "BOL"]

1. d4 Nf6 2. Nf3 d5 3. c4 e6 4. Nc3 Be7 5. Bf4 c6 6. e3 O-O 7. cxd5 exd5 8. Qc2
Be6 9. Bd3 h6 10. h3 Nbd7 11. O-O Rc8 12. Rfd1 b5 13. Qe2 a5 14. Ne5 Nxe5 15.
Bxe5 Bd6 16. f4 Bxe5 17. dxe5 Nd7 18. f5 Nxe5 19. fxe6 fxe6 20. Qh5 Nxd3 21.
Rxd3 Rf5 22. Qe2 Qh4 23. Rd4 Qg3 24. Rf4 Re5 25. Re1 Qxf4 26. exf4 Rxe2 27.
Nxe2 c5 28. Rc1 Kf7 29. Nd4 b4 30. Nf3 Ke7 31. Kf2 Kd7 32. Ke3 Kc6 33. g4 Kb5
34. h4 Rg8 35. h5 a4 36. Ne5 c4 37. Ng6 Re8 38. Kd4 Rc8 39. Ne5 Rg8 40. Ng6 Rc8
41. a3 Rb8 42. Re1 Ka5 43. Rxe6 bxa3 44. bxa3 Rb3 45. Kxd5 c3 46. Ne5 Rb5+ 47.
Kd4 Rb8 48. Nc6+ 1-0

[Event "VIII CAMPEONATO CONTINENTAL DE LAS AMERI"]
[Site "Hotel Casa Campestre - Cochaba"]
[Date "2013.05.08"]
[Round "2"]
[White "Lopez, Bruno"]
[Black "Ruiz C, Joshua D"]
[Result "0-1"]
[WhiteElo "1734"]
[BlackElo "2370"]
[PlyCount "79"]
[EventDate "2013.05.07"]
[EventRounds "11"]
[EventCountry "BOL"]

1. e4 c5 2. Nf3 d6 3. d4 cxd4 4. Nxd4 Nf6 5. Nc3 g6 6. Be3 Bg7 7. Bc4 O-O 8. f3
Nc6 9. Qd2 Bd7 10. g4 Rc8 11. Bb3 Nxd4 12. Bxd4 b5 13. h4 a5 14. h5 a4 15. hxg6
axb3 16. g5 fxg6 17. gxf6 Bxf6 18. Qh2 Rf7 19. Bxf6 exf6 20. axb3 Bc6 21. O-O-O
b4 22. Rxd6 Qa5 23. Nb1 Qg5+ 24. Qd2 Qg3 25. Rd3 Bb5 26. Rd8+ Rxd8 27. Qxd8+
Kg7 28. Nd2 Rd7 29. Qb6 Qg2 30. Rd1 Qe2 31. Qg1 h5 32. Nc4 Qxf3 33. Rxd7+ Bxd7
34. Qa7 Qf1+ 35. Kd2 Qf4+ 36. Kd3 Qg3+ 37. Kd2 Qg5+ 38. Kd1 Qg4+ 39. Kd2 Kh6
40. Qe3+ 0-1

[Event "VIII CAMPEONATO CONTINENTAL DE LAS AMERI"]
[Site "Hotel Casa Campestre - Cochaba"]
[Date "2013.05.08"]
[Round "2"]
[White "Rios, Cristhian Camilo"]
[Black "Mollo, Jhoan"]
[Result "1-0"]
[WhiteElo "2362"]
[BlackElo "1588"]
[PlyCount "83"]
[EventDate "2013.05.07"]
[EventRounds "11"]
[EventCountry "BOL"]

1. d4 Nf6 2. c4 c5 3. d5 e5 4. Nc3 d6 5. e4 Be7 6. Qa4+ Nbd7 7. Be2 a6 8. Nf3
O-O 9. O-O Re8 10. Ne1 Nf8 11. Qc2 Ng6 12. a4 Kh8 13. Nd3 Ng8 14. Qd1 Bg5 15.
Bg4 Bxc1 16. Rxc1 Qg5 17. Bxc8 Raxc8 18. Qf3 Rf8 19. a5 f5 20. exf5 Rxf5 21.
Ne4 Rxf3 22. Nxg5 Rf5 23. Ne4 Rd8 24. b4 cxb4 25. Rb1 Nf6 26. Ng3 Rg5 27. f3
Nh5 28. Ne4 Rf5 29. g4 Rf7 30. Ng5 Rf6 31. gxh5 Nf8 32. Rxb4 Rd7 33. Ne4 Rf5
34. Ng3 Rg5 35. f4 exf4 36. Rxf4 Kg8 37. Kf2 Rf7 38. Rxf7 Kxf7 39. h4 Rg4 40.
Rxb7+ Kf6 41. Kf3 Rxc4 42. Ne4+ 1-0

[Event "VIII CAMPEONATO CONTINENTAL DE LAS AMERI"]
[Site "Hotel Casa Campestre - Cochaba"]
[Date "2013.05.08"]
[Round "2"]
[White "Cuellar, Diego"]
[Black "Molina, Jessica"]
[Result "1-0"]
[WhiteElo "2323"]
[BlackElo "1585"]
[PlyCount "79"]
[EventDate "2013.05.07"]
[EventRounds "11"]
[EventCountry "BOL"]

1. e4 e5 2. Nf3 Nf6 3. Nxe5 d6 4. Nf3 Nxe4 5. d3 Nf6 6. d4 d5 7. c4 Bb4+ 8. Nc3
Bxc3+ 9. bxc3 dxc4 10. Bxc4 O-O 11. O-O Bg4 12. h3 Bh5 13. g4 Bg6 14. Ne5 Nbd7
15. f4 Nxe5 16. dxe5 Nd7 17. f5 Nxe5 18. Qxd8 Raxd8 19. Be2 Bxf5 20. Rxf5 Rfe8
21. Kf1 g6 22. Rf2 Nd3 23. Rf3 Ne5 24. Rg3 b6 25. Bf4 c5 26. Re3 Nc6 27. Rxe8+
Rxe8 28. Bf3 Re6 29. g5 Nd8 30. Bd5 Re8 31. Re1 Rxe1+ 32. Kxe1 Ne6 33. Bxe6
fxe6 34. Bb8 a6 35. Ba7 b5 36. Bxc5 Kf7 37. Kf2 e5 38. Ke3 a5 39. h4 a4 40. a3
1-0

[Event "VIII CAMPEONATO CONTINENTAL DE LAS AMERI"]
[Site "Hotel Casa Campestre - Cochaba"]
[Date "2013.05.08"]
[Round "2"]
[White "Ruiz, Samuel"]
[Black "Cueto, Jonny"]
[Result "0-1"]
[WhiteElo "1710"]
[BlackElo "2263"]
[PlyCount "118"]
[EventDate "2013.05.07"]
[EventRounds "11"]
[EventCountry "BOL"]

1. e4 d6 2. f4 Nf6 3. Nc3 c6 4. g3 e5 5. d3 Bg4 6. Nf3 d5 7. Bg2 dxe4 8. Nxe4
Nxe4 9. dxe4 Qxd1+ 10. Kxd1 exf4 11. Bxf4 Na6 12. Ke2 O-O-O 13. c3 Nc5 14. h3
Be6 15. Nd4 Bc4+ 16. Kf3 Nxe4 17. h4 Nc5 18. Bh3+ Nd7 19. Rhe1 Bc5 20. Rad1
Bxa2 21. b4 Bd5+ 22. Kf2 Bxd4+ 23. Rxd4 Be6 24. Bxe6 fxe6 25. Rxe6 Rhe8 26.
Red6 Nf6 27. Rxd8+ Rxd8 28. Rxd8+ Kxd8 29. Kf3 b6 30. c4 a5 31. bxa5 bxa5 32.
Ke3 Ke7 33. Kd3 Ke6 34. Kc3 Kf5 35. Kb3 Ke4 36. Bc7 Kd4 37. Bxa5 Ne4 38. Bb4 h5
39. Ba5 g6 40. Bb6+ c5 41. Bc7 Nd2+ 42. Kc2 Nxc4 43. Bf4 Ne3+ 44. Kd2 Nd5 45.
Bg5 c4 46. Ke2 Ke4 47. Bc1 Ne7 48. Kd2 Kf3 49. Kc3 Kxg3 50. Kxc4 Nf5 51. Kd3
Nxh4 52. Ke2 Kg2 53. Ke3 Nf3 54. Ke4 h4 55. Bf4 h3 56. Ke3 g5 57. Bd6 g4 58.
Ke2 h2 59. Bxh2 Nxh2 0-1

[Event "VIII CAMPEONATO CONTINENTAL DE LAS AMERI"]
[Site "Hotel Casa Campestre - Cochaba"]
[Date "2013.05.08"]
[Round "2"]
[White "Sabas, Jorge"]
[Black "Gemy, Jose Daniel"]
[Result "0-1"]
[WhiteElo "2302"]
[BlackElo "2320"]
[PlyCount "70"]
[EventDate "2013.05.07"]
[EventRounds "11"]
[EventCountry "BOL"]

1. d4 d5 2. c4 c6 3. Nf3 Nf6 4. e3 a6 5. Nc3 g6 6. a4 e6 7. Qb3 a5 8. Be2 Bg7
9. O-O O-O 10. Rd1 Nbd7 11. Qa2 b6 12. b3 Re8 13. Ba3 Bf8 14. Bxf8 Kxf8 15. Qc2
Bb7 16. e4 Rc8 17. e5 Ng8 18. Qd2 Kg7 19. Ne1 Qe7 20. f4 Rcd8 21. Qe3 f6 22.
Nf3 Nh6 23. Bd3 Ng4 24. Qe2 fxe5 25. Nxe5 Ndxe5 26. fxe5 Qg5 27. h3 Ne3 28. Re1
c5 29. cxd5 cxd4 30. Bb5 Rxd5 31. Nxd5 Bxd5 32. Bxe8 Bxg2 33. Qf2 Bxh3+ 34. Kh1
Bg2+ 35. Kh2 Qh5+ 0-1

[Event "VIII CAMPEONATO CONTINENTAL DE LAS AMERI"]
[Site "Hotel Casa Campestre - Cochaba"]
[Date "2013.05.08"]
[Round "2"]
[White "Nunez Marquina, Nataly Massiel"]
[Black "Arias, Juan Carlos"]
[Result "1/2-1/2"]
[WhiteElo "1942"]
[BlackElo "2113"]
[PlyCount "61"]
[EventDate "2013.05.07"]
[EventRounds "11"]
[EventCountry "BOL"]

1. e4 c5 2. Nf3 g6 3. d4 cxd4 4. Nxd4 Bg7 5. Nc3 Nc6 6. Be3 Nf6 7. Be2 O-O 8.
O-O d5 9. exd5 Nxd5 10. Nxd5 Nxd4 11. Bxd4 Qxd5 12. Bxg7 Qxd1 13. Raxd1 Kxg7
14. Bf3 Be6 15. Rd4 Rac8 16. c3 Rc7 17. Rfd1 b6 18. a4 Rfc8 19. Bd5 Bxd5 20.
Rxd5 Rc4 21. Ra1 R8c5 22. Rxc5 Rxc5 23. Kf1 Kf6 24. Ke2 Re5+ 25. Kd3 Rd5+ 26.
Ke3 Re5+ 27. Kd3 Rd5+ 28. Kc2 Re5 29. Rd1 Ke6 30. Rd2 Re1 31. b4 1/2-1/2

[Event "VIII CAMPEONATO CONTINENTAL DE LAS AMERI"]
[Site "Hotel Casa Campestre - Cochaba"]
[Date "2013.05.08"]
[Round "2"]
[White "Ynojosa, Felix Jose"]
[Black "Arias, Juan Cruz"]
[Result "1-0"]
[WhiteElo "2371"]
[BlackElo "1933"]
[PlyCount "121"]
[EventDate "2013.05.07"]
[EventRounds "11"]
[EventCountry "BOL"]

1. Nf3 e6 2. e3 f5 3. d4 Nf6 4. Bd3 d5 5. b3 c6 6. O-O Bd6 7. Ba3 O-O 8. Bxd6
Qxd6 9. Ne5 Nbd7 10. f4 b6 11. c4 Bb7 12. Nc3 c5 13. Qe2 Qe7 14. Rad1 Rac8 15.
cxd5 Nxd5 16. Nxd5 Bxd5 17. Nxd7 Qxd7 18. dxc5 Rxc5 19. e4 fxe4 20. Bxe4 Qc6
21. Bb1 Rc3 22. Qd2 Qc5+ 23. Rf2 Rc8 24. Rdf1 Rc1 25. Bd3 Rxf1+ 26. Bxf1 Qc3
27. Qxc3 Rxc3 28. Rd2 Kf7 29. Kf2 Kf6 30. Be2 h6 31. g3 Rc8 32. Ke3 a5 33. Kd4
g5 34. fxg5+ hxg5 35. Bd1 Rc5 36. Rf2+ Ke7 37. h4 gxh4 38. gxh4 Kd6 39. h5 Rc1
40. Rd2 e5+ 41. Kd3 Rc7 42. h6 Rh7 43. Rh2 Bf7 44. Bf3 Bg6+ 45. Be4 Bxe4+ 46.
Kxe4 Ke6 47. Rh5 Kf6 48. Rf5+ Kg6 49. Rxe5 Kxh6 50. Re6+ Kg5 51. Rxb6 a4 52.
Ke5 Rh2 53. Ra6 Rxa2 54. Rxa4 Re2+ 55. Re4 Rb2 56. b4 Kg6 57. Ke6 Kg7 58. Kd6
Kf6 59. Rf4+ Kg5 60. Rc4 Rd2+ 61. Kc7 1-0

[Event "VIII CAMPEONATO CONTINENTAL DE LAS AMERI"]
[Site "Hotel Casa Campestre - Cochaba"]
[Date "2013.05.08"]
[Round "2"]
[White "Campero, Ronald"]
[Black "Ramirez, M. Eugenia"]
[Result "1-0"]
[WhiteElo "2211"]
[BlackElo "1996"]
[PlyCount "129"]
[EventDate "2013.05.07"]
[EventRounds "11"]
[EventCountry "BOL"]

1. e4 e5 2. Nf3 Nc6 3. Bb5 Nd4 4. Nxd4 exd4 5. O-O Bc5 6. d3 c6 7. Ba4 d6 8.
Nd2 Ne7 9. f4 O-O 10. Bb3 d5 11. f5 f6 12. Kh1 Kh8 13. Qe1 g6 14. fxg6 hxg6 15.
Nf3 Kg7 16. e5 Nf5 17. Bf4 Be7 18. c3 g5 19. Bd2 fxe5 20. Nxe5 Bd6 21. cxd4 Kh7
22. Nf3 Rg8 23. g4 Nh6 24. h3 Rg6 25. Ne5 Rg7 26. Qe3 Bd7 27. Rae1 Qc7 28. Nxd7
Qxd7 29. Qe6 Rd8 30. Bd1 Rg6 31. Qxd7+ Rxd7 32. Kg2 b6 33. Rf3 Kg7 34. a3 Nf7
35. Rf5 Bc7 36. b4 b5 37. Bb3 Bd8 38. Rc1 Rdd6 39. a4 a6 40. axb5 axb5 41. Ra1
Rge6 42. Kf2 Rh6 43. Kg2 Rhe6 44. Bd1 Rd7 45. Ra6 Bf6 46. Bf3 Nh6 47. Rxg5+
Bxg5 48. Bxg5 Kg6 49. h4 Nf7 50. Bf4 Nd8 51. Kg3 Re1 52. h5+ Kg7 53. Be5+ Kf7
54. Kf2 Rb1 55. g5 Rxb4 56. g6+ Kg8 57. h6 Ra4 58. h7+ Rxh7 59. gxh7+ Kxh7 60.
Rb6 Ra2+ 61. Ke3 Rc2 62. Rb8 Ne6 63. Bg4 Ng5 64. Bf5+ Kh6 65. Rh8+ 1-0

[Event "VIII CAMPEONATO CONTINENTAL DE LAS AMERI"]
[Site "Hotel Casa Campestre - Cochaba"]
[Date "2013.05.08"]
[Round "2"]
[White "Estrada, Lucia"]
[Black "Ferrufino, Boris"]
[Result "0-1"]
[WhiteElo "2034"]
[BlackElo "2211"]
[PlyCount "74"]
[EventDate "2013.05.07"]
[EventRounds "11"]
[EventCountry "BOL"]

1. d4 Nf6 2. c4 e6 3. Nf3 b6 4. e3 Bb7 5. Bd3 Be7 6. Nbd2 c5 7. b3 cxd4 8. exd4
d5 9. Bb2 O-O 10. O-O Nbd7 11. Qe2 Re8 12. Rac1 Bd6 13. Ne5 Qe7 14. f4 Nf8 15.
Rce1 Bb4 16. f5 exf5 17. Rxf5 N6d7 18. Qf2 Nxe5 19. Rexe5 Qd7 20. Nf1 Rxe5 21.
Rxe5 Re8 22. Rxe8 Qxe8 23. Ne3 dxc4 24. bxc4 Be4 25. Qc2 Bxd3 26. Qxd3 Ng6 27.
g3 h5 28. Kg2 h4 29. a3 Be7 30. d5 Bc5 31. Nf5 f6 32. Qf3 Qe1 33. Bd4 Qd2+ 34.
Bf2 h3+ 35. Kf1 Qc1+ 36. Be1 Qxc4+ 37. Qe2 Qxd5 0-1

[Event "VIII CAMPEONATO CONTINENTAL DE LAS AMERI"]
[Site "Hotel Casa Campestre - Cochaba"]
[Date "2013.05.08"]
[Round "2"]
[White "Parraga, Alejandro"]
[Black "Rivas, Lucas"]
[Result "0-1"]
[WhiteElo "2163"]
[BlackElo "1987"]
[PlyCount "122"]
[EventDate "2013.05.07"]
[EventRounds "11"]
[EventCountry "BOL"]

1. d4 Nf6 2. c4 c5 3. d5 e6 4. Nc3 exd5 5. cxd5 d6 6. Nf3 g6 7. g3 Bg7 8. Bg2
O-O 9. O-O Re8 10. Nd2 Nfd7 11. h3 Na6 12. Nb5 Nb6 13. Ne4 Bxh3 14. Bxh3 Rxe4
15. Bf4 Rxf4 16. gxf4 Qh4 17. Kg2 Qxf4 18. e3 Qg5+ 19. Qg4 Qxd5+ 20. Qf3 Qxf3+
21. Kxf3 Bxb2 22. Rad1 d5 23. Nd6 c4 24. Nxb7 c3 25. Na5 Nc5 26. Ke2 c2 27.
Rde1 Ne4 28. Nb3 a5 29. Kd3 a4 30. Nc1 a3 31. Kxc2 Ra4 32. Kd3 Rc4 33. Nb3 Rc3+
34. Ke2 Rc2+ 35. Kf3 Nc4 36. Bg2 Ncd2+ 37. Nxd2 Nxd2+ 38. Ke2 Nxf1+ 39. Kxf1
Rd2 40. Re2 Rd1+ 41. Re1 Rxe1+ 42. Kxe1 d4 43. exd4 Bxd4 44. Ke2 Kg7 45. Bd5 f5
46. Kf3 Kf6 47. Bg8 h5 48. Bd5 g5 49. Kg2 g4 50. Bc6 Kg5 51. Bd5 Kf4 52. Bf7 h4
53. Be8 Kg5 54. Bd7 Bxf2 55. Kxf2 f4 56. Bc8 f3 57. Bb7 Kf4 58. Kf1 g3 59. Bc6
Ke3 60. Bd5 g2+ 61. Kg1 Kf4 0-1

[Event "VIII CAMPEONATO CONTINENTAL DE LAS AMERI"]
[Site "Hotel Casa Campestre - Cochaba"]
[Date "2013.05.08"]
[Round "2"]
[White "Molina, Ruben"]
[Black "Delgadillo, Adonay"]
[Result "0-1"]
[WhiteElo "2030"]
[BlackElo "2161"]
[PlyCount "96"]
[EventDate "2013.05.07"]
[EventRounds "11"]
[EventCountry "BOL"]

1. d4 Nf6 2. c4 e6 3. Nf3 b6 4. Nc3 Bb7 5. Bg5 Be7 6. Qc2 c5 7. e3 d6 8. Rd1
Nbd7 9. dxc5 Nxc5 10. Bd3 h6 11. Bh4 a6 12. Nd4 g5 13. Bg3 Bxg2 14. Rg1 Bb7 15.
b4 Nxd3+ 16. Qxd3 Rc8 17. b5 Qc7 18. Na4 a5 19. Rc1 Be4 20. Qc3 e5 21. Nb3 Nd7
22. Ke2 Bg6 23. f3 Qb7 24. e4 g4 25. Bf2 gxf3+ 26. Qxf3 Bxe4 27. Qe3 Bg5 28.
Rxg5 hxg5 29. Nxb6 Nxb6 30. Nxa5 Qa8 31. Qxb6 Bf3+ 32. Kd2 Rxh2 33. Rf1 Kd7 34.
Kc3 g4 35. a4 Rc7 36. Kb4 Qe4 37. Qe3 Rh1 38. Rxh1 Bxh1 39. b6 Qxe3 40. Bxe3
Rc8 41. Nb3 f5 42. a5 Ra8 43. c5 f4 44. Bg1 Bd5 45. Kb5 Bc6+ 46. Kb4 d5 47. Nd2
e4 48. Nb3 g3 0-1

[Event "VIII CAMPEONATO CONTINENTAL DE LAS AMERI"]
[Site "Hotel Casa Campestre - Cochaba"]
[Date "2013.05.08"]
[Round "2"]
[White "Aguilar, Pedro"]
[Black "Mendoza, Rodrigo"]
[Result "0-1"]
[WhiteElo "1987"]
[BlackElo "2148"]
[PlyCount "58"]
[EventDate "2013.05.07"]
[EventRounds "11"]
[EventCountry "BOL"]

1. Nf3 d5 2. c4 c6 3. b3 Nf6 4. g3 Bf5 5. Bb2 e6 6. Bg2 h6 7. O-O Nbd7 8. d3
Be7 9. Nc3 O-O 10. Re1 Qc7 11. Rc1 dxc4 12. bxc4 Rad8 13. e4 Bg4 14. Qc2 e5 15.
Ne2 Rfe8 16. h3 Bxf3 17. Bxf3 Bb4 18. Red1 Nc5 19. d4 exd4 20. Bxd4 Ncxe4 21.
Bxe4 Nxe4 22. Qb2 Bf8 23. Bxa7 Ra8 24. Bb6 Qc8 25. Rc2 Qxh3 26. Nf4 Qg4 27. Rd4
Nxg3 28. fxg3 Qxg3+ 29. Rg2 Re1# 0-1

[Event "VIII CAMPEONATO CONTINENTAL DE LAS AMERI"]
[Site "Hotel Casa Campestre - Cochaba"]
[Date "2013.05.08"]
[Round "2"]
[White "Molina, Jorge"]
[Black "Cruz Pereyra, Andresantoni"]
[Result "1/2-1/2"]
[WhiteElo "2144"]
[BlackElo "1947"]
[PlyCount "32"]
[EventDate "2013.05.07"]
[EventRounds "11"]
[EventCountry "BOL"]

1. d4 d5 2. Nf3 e6 3. Bf4 c5 4. c3 Nc6 5. e3 Nf6 6. Nbd2 Bd6 7. Bg3 O-O 8. Bd3
b6 9. O-O Bb7 10. Ne5 Ne7 11. Qb1 a5 12. Rd1 Ng6 13. Ndf3 Ba6 14. Nxg6 hxg6 15.
Ne5 Bxe5 16. Bxe5 Bxd3 1/2-1/2

[Event "VIII CAMPEONATO CONTINENTAL DE LAS AMERI"]
[Site "Hotel Casa Campestre - Cochaba"]
[Date "2013.05.08"]
[Round "2"]
[White "Acosta, Mariano"]
[Black "Celis, Kevin"]
[Result "1/2-1/2"]
[WhiteElo "1958"]
[BlackElo "2134"]
[PlyCount "85"]
[EventDate "2013.05.07"]
[EventRounds "11"]
[EventCountry "BOL"]

1. d4 Nf6 2. Nf3 g6 3. Bg5 Bg7 4. Nbd2 d5 5. e3 O-O 6. Bd3 c6 7. O-O Nfd7 8. c4
f6 9. Bh4 Qe8 10. Qb3 Qf7 11. cxd5 cxd5 12. e4 e6 13. exd5 exd5 14. Rfe1 Nb6
15. a4 Be6 16. Rxe6 Qxe6 17. a5 Nc8 18. Qxb7 Qc6 19. Qb3 Nd6 20. Bg3 Kh8 21.
Re1 Nf7 22. Bb5 Qb7 23. Bc4 Qxb3 24. Bxb3 Nc6 25. Bxd5 Rac8 26. a6 f5 27. Nb3
Nb4 28. Bb7 Rcd8 29. Bh4 Rde8 30. Be7 Nd3 31. Re3 f4 32. Bxf8 fxe3 33. Bxg7+
Kxg7 34. fxe3 Rxe3 35. h3 Nxb2 36. Nc5 Nc4 37. d5 Nfd6 38. Nd4 Re1+ 39. Kf2 Re8
40. Nde6+ Kf6 41. g4 Ke5 42. Nd7+ Ke4 43. Ndc5+ 1/2-1/2

[Event "VIII CAMPEONATO CONTINENTAL DE LAS AMERI"]
[Site "Hotel Casa Campestre - Cochaba"]
[Date "2013.05.08"]
[Round "2"]
[White "Gamboa, Anibal"]
[Black "Avila, Carlos"]
[Result "0-1"]
[WhiteElo "2126"]
[BlackElo "1848"]
[PlyCount "54"]
[EventDate "2013.05.07"]
[EventRounds "11"]
[EventCountry "BOL"]

1. b3 Nf6 2. Bb2 g6 3. e4 d6 4. f4 Bg7 5. Nf3 O-O 6. d3 c5 7. Be2 Nc6 8. O-O b5
9. Na3 a6 10. c4 Rb8 11. Kh1 Be6 12. Ng5 bxc4 13. Nxe6 fxe6 14. Nxc4 d5 15. Ne5
Nxe5 16. fxe5 Nd7 17. Bg4 Rxf1+ 18. Qxf1 Rb6 19. exd5 exd5 20. Qe1 Qc7 21. Qa5
Bxe5 22. Bxe5 Nxe5 23. Be6+ Kg7 24. Bxd5 Qd6 25. Re1 Rb4 26. Bc4 Nxd3 27. Re6
Rxc4 0-1

[Event "VIII CAMPEONATO CONTINENTAL DE LAS AMERI"]
[Site "Hotel Casa Campestre - Cochaba"]
[Date "2013.05.08"]
[Round "2"]
[White "Sanchez Sandoval, Gonzalo"]
[Black "Vidaurre, Luis"]
[Result "1-0"]
[WhiteElo "2103"]
[BlackElo "1836"]
[PlyCount "81"]
[EventDate "2013.05.07"]
[EventRounds "11"]
[EventCountry "BOL"]

1. e4 c5 2. Nf3 d6 3. d4 cxd4 4. Nxd4 Nf6 5. Nc3 g6 6. Be3 Bg7 7. f3 Nc6 8. Qd2
O-O 9. Bc4 Bd7 10. h4 h5 11. O-O-O Ne5 12. Bb3 Rc8 13. Bg5 Nc4 14. Qe2 Qc7 15.
Bxf6 Bxf6 16. Nd5 Qc5 17. Nxf6+ exf6 18. Bxc4 Qxc4 19. Qxc4 Rxc4 20. Ne2 Rfc8
21. c3 R4c6 22. Nf4 Be6 23. Nd5 Bxd5 24. Rxd5 Kf8 25. Rhd1 Ke7 26. Kc2 b6 27.
R1d3 Ke6 28. Kb3 Kd7 29. Kc2 Ke6 30. b3 Rc5 31. b4 Rc4 32. Kd2 a6 33. a4 Ke7
34. g3 a5 35. b5 R8c5 36. Rxd6 Rxc3 37. Rxb6 Rc2+ 38. Ke3 Ra2 39. Rb7+ Ke6 40.
Rbd7 g5 41. R3d6+ 1-0

[Event "VIII CAMPEONATO CONTINENTAL DE LAS AMERI"]
[Site "Hotel Casa Campestre - Cochaba"]
[Date "2013.05.08"]
[Round "2"]
[White "Caba, Edgar"]
[Black "Herrera, Fernando"]
[Result "0-1"]
[WhiteElo "1861"]
[BlackElo "2086"]
[PlyCount "64"]
[EventDate "2013.05.07"]
[EventRounds "11"]
[EventCountry "BOL"]

1. e4 c5 2. Nf3 e6 3. d3 Nc6 4. g3 g6 5. Bg2 Bg7 6. O-O Nge7 7. Re1 O-O 8. Nbd2
Qc7 9. Qe2 b6 10. Nf1 d6 11. c3 Ba6 12. Be3 d5 13. Qd2 Rad8 14. e5 Nxe5 15.
Nxe5 Bxe5 16. Bh6 Bg7 17. Bxg7 Kxg7 18. Ne3 d4 19. Ng4 Ng8 20. c4 Bc8 21. a4 f6
22. h4 e5 23. Nh2 Ne7 24. a5 Nc6 25. axb6 axb6 26. Bxc6 Qxc6 27. b4 Bb7 28. f3
h5 29. b5 Qc8 30. Ra7 Rf7 31. Kg2 Bxf3+ 32. Nxf3 Rxa7 0-1

[Event "VIII CAMPEONATO CONTINENTAL DE LAS AMERI"]
[Site "Hotel Casa Campestre - Cochaba"]
[Date "2013.05.08"]
[Round "2"]
[White "Medrano, Mario"]
[Black "Monroy, Nathaly"]
[Result "1-0"]
[WhiteElo "2085"]
[BlackElo "1791"]
[PlyCount "81"]
[EventDate "2013.05.07"]
[EventRounds "11"]
[EventCountry "BOL"]

1. e4 Nf6 2. e5 Nd5 3. d4 d6 4. c4 Nb6 5. exd6 cxd6 6. Nc3 g6 7. Be3 Bg7 8. Qd2
Nc6 9. Nf3 Bg4 10. Be2 Bxf3 11. gxf3 e6 12. O-O Ne7 13. Ne4 O-O 14. Ng3 Rc8 15.
Rac1 e5 16. f4 Nc6 17. d5 exf4 18. Bxf4 Ne5 19. b3 Nbd7 20. Be3 Nb6 21. f4 Ned7
22. f5 Ne5 23. Ne4 gxf5 24. Rxf5 Qe7 25. Ng3 Rce8 26. Rg5 Ng6 27. Nf5 Qe5 28.
Nh6+ Bxh6 29. Rxe5 Rxe5 30. Bxh6 Rfe8 31. Bd3 Nd7 32. Rf1 Rh5 33. Bxg6 hxg6 34.
Bg5 Ne5 35. Qf4 Kh7 36. Bf6 Nd3 37. Qxd6 Kg8 38. Qd7 Rf8 39. Be7 Ra8 40. Bd6
Rg5+ 41. Kh1 1-0

[Event "VIII CAMPEONATO CONTINENTAL DE LAS AMERI"]
[Site "Hotel Casa Campestre - Cochaba"]
[Date "2013.05.08"]
[Round "2"]
[White "Borda, Cesar"]
[Black "Quiroga, Duberlin"]
[Result "1-0"]
[WhiteElo "1838"]
[BlackElo "2078"]
[PlyCount "71"]
[EventDate "2013.05.07"]
[EventRounds "11"]
[EventCountry "BOL"]

1. e4 c5 2. c3 e6 3. d4 cxd4 4. cxd4 d5 5. exd5 Qxd5 6. a3 Nc6 7. Nf3 Nf6 8.
Nc3 Qa5 9. Bc4 Be7 10. O-O O-O 11. Bf4 a6 12. Re1 b5 13. Bb3 Rd8 14. Rc1 Bb7
15. Qe2 Nxd4 16. Nxd4 Rxd4 17. Bxe6 Re8 18. Be3 Rdd8 19. Bb3 Bc5 20. Rcd1 Bxe3
21. fxe3 Rxd1 22. Nxd1 Qb6 23. h3 h6 24. Qf2 Qc7 25. Nc3 Qe5 26. e4 Re7 27. Bc2
Rd7 28. Qe3 Re7 29. Qf2 a5 30. Qb6 Bc8 31. Qxb5 Qg3 32. Re2 Bxh3 33. e5 Bd7 34.
exf6 Bxb5 35. fxe7 Be8 36. Ba4 1-0

[Event "VIII CAMPEONATO CONTINENTAL DE LAS AMERI"]
[Site "Hotel Casa Campestre - Cochaba"]
[Date "2013.05.08"]
[Round "2"]
[White "Cordero, Daniela"]
[Black "Zarate, Ezequiel"]
[Result "1-0"]
[WhiteElo "2074"]
[BlackElo "1745"]
[PlyCount "69"]
[EventDate "2013.05.07"]
[EventRounds "11"]
[EventCountry "BOL"]

1. d4 Nf6 2. Nf3 e6 3. e3 c5 4. Bd3 b6 5. O-O Bb7 6. c4 Be7 7. Nc3 d6 8. b3
Nbd7 9. Bb2 O-O 10. d5 exd5 11. cxd5 Ne5 12. Nxe5 dxe5 13. e4 Bd6 14. Ne2 Re8
15. Ng3 Bc8 16. Bc1 Bd7 17. Bg5 h6 18. Bd2 Ng4 19. h3 Nf6 20. f4 exf4 21. Bxf4
Bxf4 22. Rxf4 Qc7 23. Qf3 Qe5 24. Rf1 a6 25. Kh1 Bb5 26. Bc4 Bd7 27. Bd3 Bb5
28. a4 Bxd3 29. Qxd3 Re7 30. Nf5 Ree8 31. Nxh6+ gxh6 32. Rxf6 Qxe4 33. Qg3+ Kh7
34. Rxf7+ Kh8 35. Qg7# 1-0

[Event "VIII CAMPEONATO CONTINENTAL DE LAS AMERI"]
[Site "Hotel Casa Campestre - Cochaba"]
[Date "2013.05.08"]
[Round "2"]
[White "Prado, Alexandra"]
[Black "Slomka, Gustavo"]
[Result "1-0"]
[WhiteElo "1790"]
[BlackElo "2055"]
[PlyCount "25"]
[EventDate "2013.05.07"]
[EventRounds "11"]
[EventCountry "BOL"]

1. e4 c5 2. c3 d5 3. exd5 Qxd5 4. d4 Nc6 5. Nf3 Bf5 6. Be2 Bxb1 7. Rxb1 Qxa2 8.
Be3 e6 9. dxc5 Nf6 10. b4 Nd5 11. Bd2 Rd8 12. Qc1 a6 13. Ra1 1-0

[Event "VIII CAMPEONATO CONTINENTAL DE LAS AMERI"]
[Site "Hotel Casa Campestre - Cochaba"]
[Date "2013.05.09"]
[Round "3"]
[White "Bruzon Batista, Lazaro"]
[Black "Cori T., Deysi"]
[Result "1-0"]
[WhiteElo "2707"]
[BlackElo "2430"]
[PlyCount "121"]
[EventDate "2013.05.07"]
[EventRounds "11"]
[EventCountry "BOL"]

1. e4 c5 2. Nf3 e6 3. d4 cxd4 4. Nxd4 Nc6 5. Nc3 Qc7 6. Be2 Nf6 7. O-O a6 8.
Kh1 Bb4 9. Bg5 Qa5 10. Bxf6 gxf6 11. Nb3 Qc7 12. Qd2 b6 13. Rad1 Bb7 14. Qe3 d6
15. Na4 b5 16. Nb6 Rd8 17. c4 Bc5 18. Nxc5 Qxb6 19. Nxb7 Qxb7 20. cxb5 axb5 21.
Qb3 b4 22. a4 Ke7 23. Bb5 Rhg8 24. Rd2 Na7 25. Bd3 Rg5 26. f4 Rc5 27. Bb1 Nc6
28. Qf3 Qc7 29. Ba2 Na5 30. f5 e5 31. Bd5 Nc4 32. Re2 Nb6 33. Bb3 Qc6 34. h3 d5
35. exd5 Nxd5 36. Kh2 Nb6 37. Qh5 Nc4 38. Rf3 Rf8 39. Qh4 Nd6 40. Qxb4 e4 41.
Rc3 Rxc3 42. bxc3 Rc8 43. a5 Qc5 44. Qxc5 Rxc5 45. a6 Ra5 46. Ra2 Rxa2 47. Bxa2
Nb5 48. c4 Nc7 49. a7 Kd6 50. Bb1 Ke5 51. g4 Kd4 52. Kg2 Na8 53. Kf2 Nb6 54.
Ke2 Na8 55. h4 h6 56. h5 Nc7 57. Bc2 Na8 58. Ba4 Kc5 59. Be8 Kb6 60. Bxf7 Kxa7
61. g5 1-0